00358 a2200109 450000500170000002000220001708200120003911100470005124500420009826000700014030000380021020250609145419.0 a978-9976-78-086-4 a657 NBA aNational Board of Accountants and Auditors aPrinciples of Accounting and Auditing aDar Es SalaambNational Board of Accountatnts and Auditors c2019 avi,390.:ill.;tables,figuresc29cm